Law briefing: landlord and tenant update - July 2000 (Record no. 65620)

MARC details
000 -LEADER
fixed length control field 01352cam a2200325 4500
001 - CONTROL NUMBER
control field ABS63324
008 - FIXED-LENGTH DATA ELEMENTS--GENERAL INFORMATION
fixed length control field 000000n2000 000 0 eng u
035 ## - SYSTEM CONTROL NUMBER
System control number (Sirsi) u110015
100 ## - MAIN ENTRY--PERSONAL NAME
Personal name Dowden, M
245 ## - TITLE STATEMENT
Title Law briefing: landlord and tenant update - July 2000
260 ## - PUBLICATION, DISTRIBUTION, ETC.
Date of publication, distribution, etc. 2000
490 ## - SERIES STATEMENT
Series statement Journal of Property Investment and Finance
Volume/sequential designation 18(6) 2000, 641-647(7)
520 ## - SUMMARY, ETC.
Summary, etc. Provides an update of legal cases affecting Landlord and Tenant law. Looks at repairs and dilapidations; forfeiture; the Landlord and Tenant (Covenants) Act 1995 and derogation from grant, quoting from relevant recent cases to illustrate points made.
590 ## - LOCAL NOTE (RLIN)
Local note ABS
650 ## - SUBJECT ADDED ENTRY--TOPICAL TERM
Topical term or geographic name entry element REPAIRS
650 ## - SUBJECT ADDED ENTRY--TOPICAL TERM
Topical term or geographic name entry element Dilapidations
9 (RLIN) 6235
650 ## - SUBJECT ADDED ENTRY--TOPICAL TERM
Topical term or geographic name entry element FORFEITURE
650 ## - SUBJECT ADDED ENTRY--TOPICAL TERM
Topical term or geographic name entry element LANDLORD AND TENANT (COVENANTS) ACT 1995
650 ## - SUBJECT ADDED ENTRY--TOPICAL TERM
Topical term or geographic name entry element DEROGATION
650 ## - SUBJECT ADDED ENTRY--TOPICAL TERM
Topical term or geographic name entry element ULTRAWORTH LTD V GENERAL ACCIDENT CORPORATION PLC
650 ## - SUBJECT ADDED ENTRY--TOPICAL TERM
Topical term or geographic name entry element P&O PROPERTIES HOLDINGS LTD V SOS ENVIRONMENT TRANSPORT REGIONS
650 ## - SUBJECT ADDED ENTRY--TOPICAL TERM
Topical term or geographic name entry element CRAWFORD V CLARKE
650 ## - SUBJECT ADDED ENTRY--TOPICAL TERM
Topical term or geographic name entry element ROPAC LTD V INNTREPRENEUR PUB COMPANY (CPC)
650 ## - SUBJECT ADDED ENTRY--TOPICAL TERM
Topical term or geographic name entry element WALLIS FASHION GROUP LTD V CGU LIFE ASSURANCE LTD
650 ## - SUBJECT ADDED ENTRY--TOPICAL TERM
Topical term or geographic name entry element O'MAY V CITY OF LONDON REAL PROPERTY COMPANY LTD
650 ## - SUBJECT ADDED ENTRY--TOPICAL TERM
Topical term or geographic name entry element CHARTERED TRUST V DAVIES
650 ## - SUBJECT ADDED ENTRY--TOPICAL TERM
Topical term or geographic name entry element PETRA INVESTMENTS LTD V JEFFREY ROGERS PLC
690 ## - LOCAL SUBJECT ADDED ENTRY--TOPICAL TERM (OCLC, RLIN)
Topical term or geographic name as entry element PROPERTY-LANDLORD AND TENANT
942 ## - ADDED ENTRY ELEMENTS (KOHA)
Suppress in OPAC 0
Holdings
Withdrawn status Lost status Source of classification or shelving scheme Damaged status Not for loan Home library Current library Shelving location Date acquired Total Checkouts Full call number Barcode Date last seen Copy number Price effective from Koha item type
    Dewey Decimal Classification     London London Journal article 20/12/2000   ABS63324 110015-1001 06/08/2019 1 06/08/2019 Journal article